=LDR 00000nam 2200000 4500 =001 NUTBA000000000001411 =005 20140424134821.0 =006 =007 =008 =035 ##$$a 0010-041400000000681 =082 ##$$a 028.5 =090 ##$$a 028.5 $b let g =100 ##$$a letizia riliyani $t gigiku mutiaraku =245 ##$$a gigiku mutiaraku =260 ##$$a Jakarta $b misurind =300 ##$$a 8 hlm $b illus $c 19 cm. =850 ##$$a NBPBMAT =990 ##$$a 21195093/BPAP-NTB/2014